[Event "Schaffhausen op"]
[Site "Schaffhausen"]
[Date "2022.03.19"]
[Round "2"]
[White "Pfaltz, Maximilian"]
[Black "Pinelli, Gian"]
[Result "1-0"]
[WhiteElo "1584"]
[BlackElo "1315"]
[PlyCount "83"]
[EventDate "2022.03.18"]
[EventType "swiss"]
[EventRounds "5"]
[EventCountry "SUI"]
[SourceTitle "CBM 207 Extra"]
[Source "ChessBase"]
[SourceDate "2022.05.31"]
[SourceVersion "1"]
[SourceVersionDate "2022.05.31"]
[SourceQuality "1"]

1. e4 c6 2. Nc3 d5 3. Nf3 dxe4 4. Nxe4 Nf6 5. Qe2 Bf5 6. Nxf6+ gxf6 7. d4 Nd7 8. Bf4 e6 9. 0-0-0 Rc8 10. Nh4 Bg6 11. Nxg6 hxg6 12. d5 e5 13. dxc6 Rxc6 14. Qe3 Re6 15. Bg3 Bh6 16. f4 exf4 17. Qb3 fxg3+ 18. Kb1 Bf4 19. Bc4 Re7 20. hxg3 Rf8 21. gxf4 Qc7 22. Bb5 Qxf4 23. Rxd7 Rxd7 24. Rd1 Rh8 25. Bxd7+ Kf8 26. Qf3 Qxf3 27. gxf3 Ke7 28. Bb5 a6 29. Bc4 b5 30. Bb3 f5 31. c3 g5 32. Rg1 f6 33. Bc2 f4 34. Bf5 Kd6 35. Re1 Rf8 36. Re6+ Kd5 37. Rxa6 Ke5 38. Bg6 Rg8 39. Bh5 g4 40. Bxg4 f5 41. Bh5 Rh8 42. Bf7 1-0

[Event "Wil Acrevis op 1st"]
[Site "Wil"]
[Date "2020.06.19"]
[Round "1"]
[White "Rempe, Jonas"]
[Black "Pfaltz, Maximilian"]
[Result "1-0"]
[WhiteElo "1867"]
[BlackElo "1417"]
[PlyCount "65"]
[EventDate "2020.06.19"]
[EventType "swiss"]
[EventRounds "5"]
[EventCountry "SUI"]
[SourceTitle "CBM 197 Extra"]
[Source "ChessBase"]
[SourceDate "2020.09.30"]
[SourceVersion "1"]
[SourceVersionDate "2020.09.30"]
[SourceQuality "1"]

1. e4 c5 2. Nf3 d6 3. d4 cxd4 4. Nxd4 Nf6 5. Nc3 a6 6. h3 e5 7. Nde2 Be6 8. g4 Nbd7 9. Ng3 g6 10. Bg2 Qc7 11. 0-0 Bg7 12. Be3 b5 13. g5 Ng8 14. f4 Bc4 15. Nd5 Bxd5 16. Qxd5 Nb6 17. Bxb6 Qxb6+ 18. Kh1 Rc8 19. fxe5 Qa7 20. exd6 Bxb2 21. Rad1 Qd7 22. Rxf7 Rd8 23. Rxd7 Rxd7 24. e5 Ne7 25. Qa8+ Rd8 26. Qxa6 0-0 27. Rb1 Nf5 28. Nxf5 Rxf5 29. Rxb2 Rxe5 30. Qb6 Ree8 31. Bd5+ Kg7 32. Qd4+ Kf8 33. Qh8# 1-0